000 00750nam a2200289Ia 4500
005 20260324111801.0
008 008 260324s9999 xx 000 0 eng d
020 _a9781003487555
037 _aEBOOK
040 _aCRL
040 _beng
040 _cCRL
041 _2eng
041 _aeng
084 _qCRL
100 _aTonni Agustiono Kurniawan; Abdelkader Anouzla
_91140004
245 0 _aHandbook of Microplastic Pollution in the Environment
245 0 _bMicroplastic Pollution in Aquatic Environments
260 _bTaylor and Francis
260 _c2025
365 _a
365 _b560
856 _uhttp://www.taylorfrancis.com/books/9781003487555
942 _cEBOOK
999 _c1728925
_d1728925